Trouver le chanteur (ou la chanteuse) par rapport à la chanson (années 2000 et 2010) - Statistiques

Statistiques générales
  • Ce quiz a été pris 2 340 fois
  • Le résultat moyen est 12 sur 18
Statistiques - réponses
Titre Interprète % Correct
Papaoutai Stromae
96%
Waka Waka (This Time for Africa) Shakira
95%
J'ai demandé à la lune Indochine
89%
Someone Like You Adèle
86%
Happy Pharell Williams
82%
Uptown Funk Bruno Mars & Mark Ronson
77%
Ma liberté de penser Florent Pagny
72%
One More Time Daft Punk
71%
Double je Christophe Willem
69%
Party Rock Anthem LMFAO
66%
I Feel It Coming The Weeknd & Daft Punk
60%
Can't Stop the Feeling ! Justin Timberlake
59%
Dragostea din tei O-Zone
58%
Ca m'énerve Helmut Fritz
54%
Axel F Crazy Frog
51%
Tired of Being Sorry (Laisse le destin l'emporter) Enrique Iglesias & Nadiya
30%
You Rock My World Michael Jackson
26%
Pas le temps Faf Larage
20%
Aucun quiz correspondant
Distribution des résultats
% des personnes avec chaque résultat
Percentile par nombre de réponses
Votre historique - résultats
Vous n’avez pas pris ce quiz